1167 1933 1557 1407 1592 1033 1584 1672 1030 1063 1062 1166 1207 1996 1263 1911 1144 1910 1578 1480 1518 1346 1615 1694 1499 1606 1843 1752 1534 1850 1214 1227 1603 1059 1453 1350 1053 1073 1715 1313 1524 1775 1691 1418 1274 1020 1026 1846 1384 1810 1445 1809 1857 1167 1650 1784 1400 1541 1084 1314 1225 1846 1583 1882 1597 1805 1852 1540 1496 1278 1188 1320 1621 1679 1820 1063 1327 1298 1602 1878 1872 1240 1297 1430 1488 1940 1771 1265 1120 1097 1937 1986 1070 1174 1463 1871 1736 1057 1891 BCNSPRNW ULIB Ver.6.0+V

เปลี่ยนเป็นภาษาไทย

Change to English
 แสดงรายละเอียดบรรณานุกรม
  กลับหน้าหลัก

Brief Record : Get Marc (ISO 2709) : E-mail record : QR code < ปิดหน้าต่าง
LEADER : 00000nam 2200000uu 4500
001    13399114512
003     ULIB
008    120411s2549||||th 000 0 tha d
020    ^a9749382137
090    ^aนว.^bP967ป 2549
100 0  ^apoison ivy
245 00 ^aโปรแกรมรัก /^cpoison ivy
250    ^aพิมพ์ครั้งที่ 1
260    ^aกรุงเทพฯ :^bปริ้นเซส,^c2549
300    ^a216 หน้า
710 1  ^aปริ้นเซส
945    ^p140^l0^i24875
995    ^aกัณชพร
999    ^aใช้งานได้ทุกระบบ
รายการนี้ยังไม่มีแท็ก
คุณยังไม่ได้ล็อกอิน คุณสามารถมีกิจกรรมร่วมกับเว็บไซต์ได้ แต่ต้องล็อกอินก่อน ::
  ล็อกอิน

รายการสื่อสารสนเทศ

ลำดับที่ ประเภท เลขเรียก/บาร์โค้ด สถานที่ สถานะ
1. นวนิยาย
นวนิยาย
นว. P967ป 2549  
  Barcode: 24875
ห้องสมุดวิทยาเขตสวรรค์ประชารักษ์
►นวนิยาย
บนชั้น
  ขอยืม

BibComment


ยังไม่เคยถูกคอมเมนท์

คอมเมนท์ทรัพยากรรายการนี้
  คอมเมนท์: โปรแกรมรัก pois..


 Copyright 2026. Bcnsprnw @Library